Jala Brat and Buba Corelli Trivia - Statistics

General Stats
  • This quiz has been taken 56 times
  • The average score is 11 of 32
Answer Stats
Hint Answer % Correct
The city they come from Sarajevo
98%
Jala Brat's full name Jasmin Fazlić
81%
Buba Corelli's full name Amar Hodžić
79%
Their latest album, consisting of three parts, which demonstrated that they are the biggest rap artists in the Balkans Goat Season
60%
Album that broke them into the Balkan scene Pakt s Đavolom
51%
Their refreshing drink Pola Pola
51%
Jala Brat and Buba Corelli opened the door for international collaborations in the Balkans. Which international rapper did they first collaborate with? RAF Camora
49%
Part of that city where Buba Corelli grew up Alipašino Polje
47%
Most listened-to album in the Balkans ever, with over a billion streams Alfa & Omega
45%
Jala Brat's album that was advertised on Times Square in New York Futura
45%
Their record label Imperia
45%
Album with which they achieved commercial success and reached the top of the Balkan music scene Kruna
45%
Buba Corelli ended up in prison in 2015. What was the reason? Selling Narcotics
45%
Song contest where Jala Brat represented Bosnia and Herzegovina along with Dalal, Deen and Ana Rucner Eurovision
40%
Jala Brat's wife Alma Ikanović Fazlić
34%
The song that Jala Brat dedicated to Buba and other friends who were in prison Dom
34%
The suburb where Jala Brat grew up Vogošća
34%
Rap group that Buba joined after the breakup of the first group G-Recordz
32%
A group that Buba Corelli founded with his friend, where his stage name comes from Corelli Duo
30%
Canadian rapper, the biggest star that any Balkan artist has collaborated with Tory Lanez
30%
Buba Corelli's girlfriends Jasmina Đuderija
23%
Their first joint album SA Sin City
21%
Their first joint song, on Jala's EP "Replay" Dižite Upaljače
19%
Buba Corelli's girlfriends Petra Čupan
19%
The musical group in which Jala Brat was at the beginning of his career BluntBylon
13%
Their clothing brand Nocci Magadavo
11%
Music distribution of which they are members EMDC Network
9%
Activity in which Jala Brat was involved in 2016 and the name of the organization he joined Politics
9%
Activity in which Jala Brat was involved in 2016 and the name of the organization he joined SDA
9%
Buba Corelli's album with 3 tracks that was never completed and has an average of 60+ million views on YouTube Najpoželjniji Neženja
6%
The label they used to release songs on before they founded it RedEye Vision
4%
Music video director they have been collaborating with since the beginning of their career Arnej Misirlić
0%
No matching quizzes found
Score Distribution
Percent of People with Each Score
Percentile by Number Answered
Your Score History
You have not taken this quiz